MARC

LEADER 00000nam0a2200000 4500
001 373892
005 20231102012615.0
035 |a (RuTPU)RU\TPU\retro\31323 
035 |a RU\TPU\book\270949 
090 |a 373892 
100 |a 20221216d1956 km y0rusy50 ca 
101 1 |a rus  |c eng 
102 |a RU 
105 |a a z 001zy 
200 1 |a Радиоспектроскопия  |e пер. с англ.  |f М. Стрендберг 
210 |a Москва  |c Изд-во иностранной литературы  |d 1956 
215 |a 195 с.  |c ил. 
320 |a Библиогр. в конце глав. 
606 1 |a Радиоспектроскопия  |2 stltpush  |3 (RuTPU)RU\TPU\subj\69858  |9 84533 
610 1 |a свободное вращение 
610 1 |a центробежное возмущение 
610 1 |a эффект Штарка 
610 1 |a эффект Зеемана 
610 1 |a линии 
610 1 |a форма 
610 1 |a излучение 
610 1 |a источники 
610 1 |a детекторы 
610 1 |a электронные схемы 
610 1 |a таблицы 
675 |a 535.33-12  |v 3 
700 1 |a Стрендберг  |b М. 
801 1 |a RU  |b 63413507  |c 20140129 
801 2 |a RU  |b 63413507  |c 20221216  |g RCR 
942 |c BK